ბათუმის შოთა რუსთაველის სახელმწიფო უნივერსიტეტის ბიბლიოთეკა

სინაფსი - მოლეკულიდან ქცევამდე : მორფოლოგია, ბიოქიმია, ფიზიოლოგია, ფარმაკოლოგია, ქვევა (ბიბ.ჩანაწერი № 62450)

000 -ლიდერი
ფიქსირებული სიგრძის საკონტროლო ველი 01534nam a22002177a 4500
003 - საკონტროლო ნომრის იდენტიფიკატორი
საკონტროლო ველი Ge_BSU
005 - ბოლო ოპერაციის თარიღი და დრო
საკონტროლო ველი 20241106103914.0
008 - ფიქსირებული სიგრძის მონაცემთა ელემენტები - ზოგადი ინფორმაცია
ფიქსირებული სიგრძის საკონტროლო ველი 241106s2002 ge ||||| |||| 00| 0 geo d
020 ## - წიგნის საერთაშორისო სტანდარტული ნომერი
International Standard Book Number 9992883928.
041 ## - ენის კოდი
Language code of text/sound track or separate title geo
080 ## - უნივერსალური ათობითი კლასიფიკაციის ინდექსი
Universal Decimal Classification number 616.8 ნ-24
100 ## - მთავარი ჩანაწერი - პიროვნების სახელი
Personal name ნანეიშვილი, თემურ
9 (RLIN) 12702
245 ## - ცნობა სათაურის შესახებ
Title სინაფსი - მოლეკულიდან ქცევამდე : მორფოლოგია, ბიოქიმია, ფიზიოლოგია, ფარმაკოლოგია, ქვევა
Remainder of title [დამხმარე სახელმძღვანელო] /
Statement of responsibility, etc თემურ ნანეიშვილი, რედ: თენგიზ ონიანი, თამარ დეკანოსიძე, დავით მიქელაძე.
264 ## - წარმოების, გამოცემის, დისტრიბუციის და სხვა ცნობები
გამოცემის, წარმოების, დისტრიბუციის... ადგილი თბილისი:
გამოცემის, წარმოების, დისტრიბუციის... სახელწოდება მეგობარი,
გამოცემის, წარმოების, დისტრიბუციის... თარიღი 2002.
300 ## - ფიზიკური აღწერა
Extent 166 გვ.:
Other physical details სურ., ცხ., სქემ., პორტ.
Dimensions 19 სმ.
653 ## - INDEX TERM--UNCONTROLLED
Uncontrolled term სინაფსი თავის ტვინის ბიოქიმიური პროცესები თავის ტვინის ფიზიოლოგიური პროცესები
700 ## - ADDED ENTRY--PERSONAL NAME
Personal name ონიანი, თენგიზ
Relator term რედაქტორი
9 (RLIN) 2638
700 ## - ADDED ENTRY--PERSONAL NAME
Personal name დეკანოსიძე, თამარ
Relator term რედაქტორი
9 (RLIN) 23634
700 ## - ADDED ENTRY--PERSONAL NAME
Personal name მიქელაძე, დავით
Relator term რედაქტორი
9 (RLIN) 23635
942 ## - ADDED ENTRY ELEMENTS (KOHA)
Source of classification or shelving scheme
Koha item type წიგნი
ეგზემპლარები
ჩამოწერის სტატუსი დაკარგული ეგზემპლარის სტატუსი კლასიფიკაციის წყარო ან თაროზე გაწყობის სქემა დაზიანების სტატუსი არ გაიცემა მუდმივი მდებარეობა (დაცვის ადგილი) ამჟამინდელი ადგილსამყოფელი თაროზე განთავსების ადგილი შეძენის თარიღი ღირებულება, შესყიდვის ნორმალური ფასი სრული შენახვის შიფრი შტრიხკოდი ბოლო ოპერაციის თარიღი ეგზემპლარის მიმდევრობითი ნომერი (კეტერი?) ფასის ძალაში შესვლის თარიღი ეგზემპლარის სახეობა საჯარო შენიშვნა
          ბათუმის შოთა რუსთაველის სახელმწიფო უნივერსიტეტის მთავარი ბიბლიოთეკა ბათუმის შოთა რუსთაველის სახელმწიფო უნივერსიტეტის მთავარი ბიბლიოთეკა წიგნსაცავი 2024-11-06 10.00 616.8 ნ-24 69593 2024-11-06 69593 2024-11-06 წიგნი 10.00
          ბათუმის შოთა რუსთაველის სახელმწიფო უნივერსიტეტის მთავარი ბიბლიოთეკა ბათუმის შოთა რუსთაველის სახელმწიფო უნივერსიტეტის მთავარი ბიბლიოთეკა წიგნსაცავი 2024-11-06 10.00 616.8 ნ-24 69594 2024-11-06 69594 2024-11-06 წიგნი 10.00
          ბათუმის შოთა რუსთაველის სახელმწიფო უნივერსიტეტის მთავარი ბიბლიოთეკა ბათუმის შოთა რუსთაველის სახელმწიფო უნივერსიტეტის მთავარი ბიბლიოთეკა წიგნსაცავი 2024-11-06 10.00 616.8 ნ-24 69595 2024-11-06 69595 2024-11-06 წიგნი 10.00
          ბათუმის შოთა რუსთაველის სახელმწიფო უნივერსიტეტის მთავარი ბიბლიოთეკა ბათუმის შოთა რუსთაველის სახელმწიფო უნივერსიტეტის მთავარი ბიბლიოთეკა წიგნსაცავი 2024-11-06 10.00 616.8 ნ-24 69596 2024-11-06 69596 2024-11-06 წიგნი 10.00
          ბათუმის შოთა რუსთაველის სახელმწიფო უნივერსიტეტის მთავარი ბიბლიოთეკა ბათუმის შოთა რუსთაველის სახელმწიფო უნივერსიტეტის მთავარი ბიბლიოთეკა წიგნსაცავი 2025-03-12 10.00 616.8 ნ-24 70753 2025-03-12 70753 2025-03-12 წიგნი 10 ლ.